000 00726nam a22001817a 4500
005 20240530110529.0
008 160315s2013 ua g 000 0 ara d
017 _a84/3892
_bمصر . دار الكتب المصرية
040 _aEG-CaGPL
082 0 4 _221
_a301\
_bم ع
100 0 _aمصطفى الخشاب
245 1 0 _aعلم الاجتماع و مدارسة /
_cتاليف مصطفى الخشاب
_nالجزء الاول .
_pتاريخ التفكير الاجتماعى و تطورة
260 _aالقاهرة :
_bمكتبة الانجلو المصرية ،
_c2013 .
300 _a323 ص ؛
_c24 سم .
650 0 4 _aالاجتماع ، علم
942 _2ddc
_cBK
999 _c62058
_d62058